[Event "Greek Team Championship"]
[Site "chess24.com"]
[Date "2017.07.07"]
[Round "6"]
[White "Karamitani, Angela"]
[Black "Skiadaresi, Antonia"]
[Result "0-1"]
[Board "6"]
[WhiteElo "1317"]
[WhiteCountry "GRE"]
[WhiteFideId "25814419"]
[WhiteEloChange "-8"]
[BlackElo "1394"]
[BlackCountry "GRE"]
[BlackFideId "4246578"]
[BlackEloChange "8"]

1. e4 {[%clk 1:30:57]} c5 {[%clk 1:30:51]} 2. Nf3 {[%clk 1:31:18]} e6 {[%clk
1:31:12]} 3. c3 {[%clk 1:31:36]} d5 {[%clk 1:29:41]} 4. exd5 {[%clk 1:31:43]}
exd5 {[%clk 1:30:01]} 5. Bb5+ {[%clk 1:31:34]} Bd7 {[%clk 1:28:06]} 6. Be2 {[%clk
1:27:17]} Nf6 {[%clk 1:27:33]} 7. d4 {[%clk 1:26:25]} Bd6 {[%clk 1:23:51]} 8.
dxc5 {[%clk 1:26:30]} Bxc5 {[%clk 1:23:56]} 9. Bg5 {[%clk 1:26:43]} Be6 {[%clk
1:22:30]} 10. Nbd2 {[%clk 1:24:54]} Qb6 {[%clk 1:10:12]} 11. Qb3 {[%clk 1:01:42]}
Bxf2+ {[%clk 1:07:39]} 12. Kf1 {[%clk 1:02:03]} Qxb3 {[%clk 1:08:01]} 13. Nxb3
{[%clk 1:02:21]} Bb6 {[%clk 1:00:05]} 14. Rd1 {[%clk 0:59:23]} Ne4 {[%clk
0:52:29]} 15. Bh4 {[%clk 0:58:27]} f6 {[%clk 0:49:17]} 16. Bb5+ {[%clk 0:56:50]}
Kf7 {[%clk 0:43:23]} 17. Nbd4 {[%clk 0:52:22]} Bg4 {[%clk 0:34:28]} 18. Ne2
{[%clk 0:47:55]} Nc6 {[%clk 0:26:42]} 19. Rxd5 {[%clk 0:47:05]} Rhd8 {[%clk
0:21:24]} 20. Bc4 {[%clk 0:46:20]} Kf8 {[%clk 0:17:06]} 21. Ned4 {[%clk 0:38:25]}
Nxd4 {[%clk 0:16:47]} 22. cxd4 {[%clk 0:35:01]} Bxf3 {[%clk 0:16:48]} 23. Rxd8+
{[%clk 0:25:58]} Rxd8 {[%clk 0:17:10]} 24. Bd3 {[%clk 0:25:30]} Rxd4 {[%clk
0:04:19]} 25. gxf3 {[%clk 0:25:52]} Rxd3 {[%clk 0:01:36]} 26. fxe4 {[%clk
0:26:08]} Re3 {[%clk 0:01:40]} 27. Bf2 {[%clk 0:26:09]} Rxe4 {[%clk 0:01:56]} 28.
Bxb6 {[%clk 0:26:12]} axb6 {[%clk 0:02:21]} 29. Kf2 {[%clk 0:26:29]} Rc4 {[%clk
0:02:06]} 30. Kg3 {[%clk 0:25:11]} Rc2 {[%clk 0:02:13]} 31. Rd1 {[%clk 0:24:42]}
Rxb2 {[%clk 0:02:18]} 32. Rd8+ {[%clk 0:25:00]} Kf7 {[%clk 0:01:22]} 33. Rd7+
{[%clk 0:25:23]} Kg6 {[%clk 0:01:44]} 34. Rxb7 {[%clk 0:25:48]} Rxa2 {[%clk
0:01:45]} 35. Rxb6 {[%clk 0:26:09]} Ra3+ {[%clk 0:01:56]} 36. Kg2 {[%clk
0:26:26]} Ra2+ {[%clk 0:01:53]} 37. Kg3 {[%clk 0:26:50]} Ra3+ {[%clk 0:02:06]}
38. Kg2 {[%clk 0:27:14]} Re3 {[%clk 0:02:06]} 39. Rb7 {[%clk 0:27:11]} Kh6 {[%clk
0:01:15]} 40. Rb6 {[%clk 0:57:21]} Re8 {[%clk 0:31:08]} 41. Rb5 {[%clk 0:57:10]}
g6 {[%clk 0:29:42]} 42. Rb7 {[%clk 0:56:01]} Rf8 {[%clk 0:29:31]} 43. Kf3 {[%clk
0:56:12]} f5 {[%clk 0:26:12]} 44. Re7 {[%clk 0:55:35]} g5 {[%clk 0:25:26]} 45. h3
{[%clk 0:55:43]} Kg6 {[%clk 0:21:03]} 46. Re6+ {[%clk 0:54:49]} Rf6 {[%clk
0:21:21]} 47. Re5 {[%clk 0:54:55]} Kh5 {[%clk 0:20:58]} 48. Re7 {[%clk 0:54:34]}
h6 {[%clk 0:20:55]} 49. Re5 {[%clk 0:53:53]} f4 {[%clk 0:19:33]} 50. Re2 {[%clk
0:53:07]} Kh4 {[%clk 0:19:09]} 51. Rh2 {[%clk 0:53:31]} Rc6 {[%clk 0:18:57]} 52.
Rh1 {[%clk 0:52:58]} Rc3+ {[%clk 0:18:31]} 53. Kg2 {[%clk 0:53:20]} Rg3+ {[%clk
0:18:09]} 0-1

[Event "Greek Team Championship"]
[Site "chess24.com"]
[Date "2017.07.07"]
[Round "6"]
[White "Grafakou, Sotiria-Aphrodite"]
[Black "Patriki, Alexandra"]
[Result "1-0"]
[Board "7"]
[WhiteElo "1695"]
[WhiteCountry "GRE"]
[WhiteFideId "4249879"]
[WhiteEloChange "2"]
[BlackElo "1202"]
[BlackCountry "GRE"]
[BlackFideId "25824490"]
[BlackEloChange "-2"]

1. d4 {[%clk 1:30:54]} Nf6 {[%clk 1:30:53]} 2. Nf3 {[%clk 1:31:14]} g6 {[%clk
1:31:15]} 3. Bf4 {[%clk 1:30:58]} Bg7 {[%clk 1:31:09]} 4. e3 {[%clk 1:30:38]} d6
{[%clk 1:30:20]} 5. Nbd2 {[%clk 1:27:15]} Nbd7 {[%clk 1:22:00]} 6. h3 {[%clk
1:25:22]} O-O {[%clk 1:19:41]} 7. Be2 {[%clk 1:23:52]} c5 {[%clk 1:17:48]} 8. c3
{[%clk 1:22:00]} a6 {[%clk 1:14:55]} 9. a4 {[%clk 1:19:08]} Rb8 {[%clk 1:13:29]}
10. a5 {[%clk 1:14:53]} Re8 {[%clk 1:10:00]} 11. dxc5 {[%clk 1:13:14]} Nxc5
{[%clk 1:09:21]} 12. O-O {[%clk 1:09:51]} Be6 {[%clk 1:04:36]} 13. Nc4 {[%clk
0:56:11]} Nd5 {[%clk 1:01:31]} 14. Bh2 {[%clk 0:54:04]} h6 {[%clk 0:57:27]} 15.
Nd4 {[%clk 0:52:18]} Qd7 {[%clk 0:44:29]} 16. Nxe6 {[%clk 0:39:35]} Qxe6 {[%clk
0:43:57]} 17. Bg4 {[%clk 0:37:20]} f5 {[%clk 0:38:48]} 18. Bf3 {[%clk 0:36:25]}
Ne4 {[%clk 0:35:16]} 19. Qd3 {[%clk 0:30:57]} Rbc8 {[%clk 0:30:56]} 20. Nd2
{[%clk 0:27:02]} Ndf6 {[%clk 0:26:31]} 21. Be2 {[%clk 0:24:55]} Kh8 {[%clk
0:22:30]} 22. Qc2 {[%clk 0:20:08]} Nxd2 {[%clk 0:20:01]} 23. Qxd2 {[%clk
0:20:21]} Ne4 {[%clk 0:20:08]} 24. Qc2 {[%clk 0:19:12]} Rc7 {[%clk 0:17:07]} 25.
Ra4 {[%clk 0:16:19]} Rec8 {[%clk 0:16:06]} 26. Rb4 {[%clk 0:13:42]} Be5 {[%clk
0:10:29]} 27. Bxe5+ {[%clk 0:11:10]} Qxe5 {[%clk 0:10:44]} 28. Bf3 {[%clk
0:10:30]} d5 {[%clk 0:08:40]} 29. Bxe4 {[%clk 0:09:41]} fxe4 {[%clk 0:08:27]} 30.
Qb3 {[%clk 0:09:32]} Rb8 {[%clk 0:07:15]} 31. Rb6 {[%clk 0:09:22]} e6 {[%clk
0:07:04]} 32. Rxa6 {[%clk 0:08:53]} Rxc3 {[%clk 0:05:48]} 33. Rxe6 {[%clk
0:08:56]} Rxb3 {[%clk 0:05:24]} 34. Rxe5 {[%clk 0:09:21]} Rxb2 {[%clk 0:04:12]}
35. Rxd5 {[%clk 0:09:47]} Ra2 {[%clk 0:02:44]} 36. Rb1 {[%clk 0:07:53]} Ra4
{[%clk 0:01:53]} 37. Rb6 {[%clk 0:07:21]} Ra1+ {[%clk 0:01:27]} 38. Kh2 {[%clk
0:07:34]} Kg7 {[%clk 0:01:42]} 39. Rd7+ {[%clk 0:06:57]} Kf8 {[%clk 0:01:27]} 40.
Rxg6 {[%clk 0:37:02]} Rxa5 {[%clk 0:31:03]} 41. Rxh6 {[%clk 0:37:13]} Rg5 {[%clk
0:28:06]} 42. Rh8+ {[%clk 0:36:17]} Rg8 {[%clk 0:27:56]} 43. Rh4 {[%clk 0:36:43]}
b5 {[%clk 0:27:03]} 44. Rxe4 {[%clk 0:36:57]} Rg7 {[%clk 0:26:43]} 45. Rxg7
{[%clk 0:36:36]} Kxg7 {[%clk 0:27:07]} 46. Rb4 {[%clk 0:37:03]} 1-0

[Event "Greek Team Championship"]
[Site "chess24.com"]
[Date "2017.07.07"]
[Round "6"]
[White "Hatzis-Bakratsas, Alexandros"]
[Black "Gkikas, Vasilios"]
[Result "1/2-1/2"]
[Board "8"]
[WhiteElo "1951"]
[WhiteCountry "GRE"]
[WhiteFideId "4263375"]
[WhiteEloChange "1"]
[BlackElo "1981"]
[BlackCountry "GRE"]
[BlackFideId "4256662"]
[BlackEloChange "-1"]

1. d4 {[%clk 1:30:57]} Nf6 {[%clk 1:30:36]} 2. c4 {[%clk 1:31:02]} e6 {[%clk
1:30:29]} 3. Nc3 {[%clk 1:31:20]} Bb4 {[%clk 1:30:13]} 4. e3 {[%clk 1:31:46]} c5
{[%clk 1:30:08]} 5. Ne2 {[%clk 1:32:11]} cxd4 {[%clk 1:30:08]} 6. exd4 {[%clk
1:32:34]} d5 {[%clk 1:30:15]} 7. a3 {[%clk 1:32:57]} Be7 {[%clk 1:30:32]} 8. Nf4
{[%clk 1:33:16]} Nc6 {[%clk 1:29:01]} 9. Be3 {[%clk 1:33:28]} O-O {[%clk
1:26:04]} 10. cxd5 {[%clk 1:33:41]} Nxd5 {[%clk 1:26:01]} 11. Ncxd5 {[%clk
1:32:50]} exd5 {[%clk 1:26:07]} 12. Bd3 {[%clk 1:33:18]} Bf6 {[%clk 1:23:49]} 13.
O-O {[%clk 1:33:38]} g6 {[%clk 1:21:11]} 14. Rc1 {[%clk 1:30:50]} Qd6 {[%clk
1:21:17]} 15. Rc5 {[%clk 1:30:23]} Be6 {[%clk 1:21:22]} 16. Nxe6 {[%clk 1:30:49]}
fxe6 {[%clk 1:21:46]} 17. Qg4 {[%clk 1:31:14]} e5 {[%clk 1:07:11]} 18. Rfc1
{[%clk 1:22:00]} exd4 {[%clk 1:04:00]} 19. Bf4 {[%clk 1:22:22]} Be5 {[%clk
0:51:43]} 20. Bxe5 {[%clk 1:21:17]} Nxe5 {[%clk 0:47:56]} 21. Qxd4 {[%clk
1:21:27]} Nxd3 {[%clk 0:48:03]} 22. Qxd3 {[%clk 1:21:45]} Rad8 {[%clk 0:41:00]}
23. Rc7 {[%clk 1:14:12]} Rd7 {[%clk 0:30:21]} 24. Rxd7 {[%clk 1:11:57]} Qxd7
{[%clk 0:30:31]} 25. Qd4 {[%clk 1:12:25]} a6 {[%clk 0:24:21]} 26. Rd1 {[%clk
1:08:58]} Rd8 {[%clk 0:24:30]} 27. Rd3 {[%clk 1:08:33]} Qf5 {[%clk 0:21:58]} 28.
g4 {[%clk 1:08:23]} Qe6 {[%clk 0:21:19]} 29. Re3 {[%clk 1:08:09]} Qf7 {[%clk
0:20:15]} 30. Kg2 {[%clk 1:08:32]} Rf8 {[%clk 0:16:07]} 31. f3 {[%clk 1:08:51]}
Rc8 {[%clk 0:15:44]} 32. Kg3 {[%clk 1:07:39]} Rf8 {[%clk 0:15:48]} 33. Rd3 {[%clk
1:07:40]} Rd8 {[%clk 0:15:38]} 34. Qe5 {[%clk 1:07:51]} Qd7 {[%clk 0:08:07]} 35.
Rd4 {[%clk 1:08:03]} Kf7 {[%clk 0:04:33]} 36. h4 {[%clk 1:08:30]} Qd6 {[%clk
0:03:49]} 37. Kf4 {[%clk 1:08:56]} Qf6+ {[%clk 0:04:10]} 38. Qxf6+ {[%clk
1:08:17]} Kxf6 {[%clk 0:04:33]} 39. Rd3 {[%clk 1:05:46]} Rd7 {[%clk 0:03:32]} 40.
Rb3 {[%clk 1:36:05]} Ke6 {[%clk 0:30:51]} 41. Ke3 {[%clk 1:35:24]} Kd6 {[%clk
0:25:16]} 42. Rc3 {[%clk 1:32:25]} Re7+ {[%clk 0:22:39]} 43. Kd4 {[%clk 1:32:38]}
Rf7 {[%clk 0:22:55]} 44. Rb3 {[%clk 1:29:39]} Rf4+ {[%clk 0:21:22]} 45. Ke3
{[%clk 1:30:06]} Rf7 {[%clk 0:21:44]} 46. Rb4 {[%clk 1:30:30]} Ke5 {[%clk
0:14:21]} 47. f4+ {[%clk 1:29:55]} Kd6 {[%clk 0:14:44]} 48. Rb3 {[%clk 1:10:19]}
Re7+ {[%clk 0:13:00]} 49. Kf3 {[%clk 1:10:42]} Rf7 {[%clk 0:12:51]} 50. Rd3
{[%clk 1:07:40]} Kc5 {[%clk 0:11:22]} 51. h5 {[%clk 1:07:12]} gxh5 {[%clk
0:10:03]} 52. gxh5 {[%clk 1:07:38]} Kc4 {[%clk 0:09:32]} 53. Rc3+ {[%clk
1:07:42]} Kd4 {[%clk 0:09:47]} 54. Rb3 {[%clk 1:07:56]} Kc4 {[%clk 0:09:18]} 55.
Re3 {[%clk 1:07:45]} d4 {[%clk 0:08:50]} 56. b3+ {[%clk 1:08:13]} Kd5 {[%clk
0:09:03]} 57. Re5+ {[%clk 1:08:39]} Kc6 {[%clk 0:08:46]} 58. f5 {[%clk 1:03:01]}
Rd7 {[%clk 0:05:08]} 59. Ke2 {[%clk 1:03:25]} Rd5 {[%clk 0:05:31]} 60. Re6+
{[%clk 1:03:29]} Rd6 {[%clk 0:05:49]} 61. Kd3 {[%clk 0:50:45]} Rxe6 {[%clk
0:06:02]} 62. fxe6 {[%clk 0:51:12]} Kd6 {[%clk 0:06:25]} 63. Kxd4 {[%clk
0:51:36]} Kxe6 {[%clk 0:06:50]} 64. Kc5 {[%clk 0:52:04]} Kd7 {[%clk 0:07:08]} 65.
Kb6 {[%clk 0:52:25]} Kc8 {[%clk 0:07:28]} 66. h6 {[%clk 0:52:47]} Kb8 {[%clk
0:07:25]} 67. a4 {[%clk 0:49:47]} Kc8 {[%clk 0:07:39]} 68. Kc5 {[%clk 0:45:35]}
Kd7 {[%clk 0:07:19]} 69. Kd5 {[%clk 0:45:33]} a5 {[%clk 0:07:13]} 70. Ke5 {[%clk
0:45:26]} Ke7 {[%clk 0:07:31]} 71. Kd5 {[%clk 0:45:52]} Kd7 {[%clk 0:07:57]} 72.
Ke5 {[%clk 0:46:18]} 1/2-1/2

[Event "Greek Team Championship"]
[Site "chess24.com"]
[Date "2017.07.07"]
[Round "6"]
[White "Gkikas, Ioannis"]
[Black "Papadopoulos, Spyridonas"]
[Result "1/2-1/2"]
[Board "9"]
[WhiteElo "1546"]
[WhiteCountry "GRE"]
[WhiteFideId "4264550"]
[WhiteEloChange "-5"]
[BlackElo "1365"]
[BlackCountry "GRE"]
[BlackFideId "25846469"]
[BlackEloChange "5"]

1. e4 {[%clk 1:30:58]} e5 {[%clk 1:30:56]} 2. Nf3 {[%clk 1:31:17]} Nc6 {[%clk
1:31:22]} 3. Nc3 {[%clk 1:31:40]} Nf6 {[%clk 1:31:42]} 4. d4 {[%clk 1:32:05]}
exd4 {[%clk 1:18:48]} 5. Nxd4 {[%clk 1:32:26]} d6 {[%clk 1:19:13]} 6. Bb5 {[%clk
1:24:15]} Bd7 {[%clk 1:18:09]} 7. O-O {[%clk 1:20:50]} Be7 {[%clk 1:14:32]} 8. h3
{[%clk 1:19:34]} O-O {[%clk 1:12:43]} 9. Nxc6 {[%clk 1:18:34]} Bxc6 {[%clk
1:12:53]} 10. Bxc6 {[%clk 1:18:07]} bxc6 {[%clk 1:13:16]} 11. Qf3 {[%clk
1:16:18]} Re8 {[%clk 1:08:31]} 12. e5 {[%clk 1:05:22]} dxe5 {[%clk 1:00:14]} 13.
Qxc6 {[%clk 1:05:13]} Qd6 {[%clk 1:00:17]} 14. Qf3 {[%clk 1:01:36]} Qb6 {[%clk
0:55:59]} 15. b3 {[%clk 0:56:32]} e4 {[%clk 0:50:22]} 16. Qe2 {[%clk 0:53:01]}
Rad8 {[%clk 0:44:10]} 17. Bb2 {[%clk 0:46:25]} Bb4 {[%clk 0:40:03]} 18. Rad1
{[%clk 0:41:48]} Bxc3 {[%clk 0:27:31]} 19. Bxc3 {[%clk 0:42:10]} Nd5 {[%clk
0:24:42]} 20. Bd2 {[%clk 0:39:50]} Nb4 {[%clk 0:20:27]} 21. Bxb4 {[%clk 0:28:26]}
Qxb4 {[%clk 0:20:46]} 22. Rfe1 {[%clk 0:24:08]} Rxd1 {[%clk 0:16:22]} 23. Qxd1
{[%clk 0:23:58]} g6 {[%clk 0:16:34]} 24. Re2 {[%clk 0:21:33]} Qb5 {[%clk
0:11:16]} 25. c4 {[%clk 0:21:22]} Qe5 {[%clk 0:10:46]} 26. a3 {[%clk 0:17:53]}
Re6 {[%clk 0:09:59]} 27. Rd2 {[%clk 0:14:24]} Kg7 {[%clk 0:08:50]} 28. Rd7 {[%clk
0:12:16]} e3 {[%clk 0:07:25]} 29. fxe3 {[%clk 0:10:45]} Qxe3+ {[%clk 0:07:49]}
30. Kh2 {[%clk 0:09:41]} Qe5+ {[%clk 0:02:57]} 31. Kg1 {[%clk 0:07:08]} Qe3+
{[%clk 0:03:18]} 32. Kh2 {[%clk 0:06:50]} Qf4+ {[%clk 0:03:39]} 33. Kg1 {[%clk
0:07:03]} Qe3+ {[%clk 0:03:59]} 34. Kh2 {[%clk 0:05:12]} Qf4+ {[%clk 0:04:07]}
35. Kg1 {[%clk 0:04:31]} Qe3+ {[%clk 0:03:43]} 36. Kh2 {[%clk 0:04:20]} Qf4+
{[%clk 0:02:42]} 37. Kg1 {[%clk 0:03:26]} 1/2-1/2

[Event "Greek Team Championship"]
[Site "chess24.com"]
[Date "2017.07.07"]
[Round "6"]
[White "Karamitanis, Lazaros"]
[Black "Spanos, Dimitrios"]
[Result "1-0"]
[Board "10"]
[WhiteElo "1087"]
[WhiteCountry "GRE"]
[WhiteFideId "25814770"]
[WhiteEloChange "16"]
[BlackElo "1353"]
[BlackCountry "GRE"]
[BlackFideId "25807846"]
[BlackEloChange "-16"]

1. e4 {[%clk 1:30:57]} c5 {[%clk 1:30:55]} 2. Nf3 {[%clk 1:31:21]} e6 {[%clk
1:31:22]} 3. c3 {[%clk 1:31:44]} d5 {[%clk 1:31:47]} 4. exd5 {[%clk 1:32:09]}
exd5 {[%clk 1:32:12]} 5. Bb5+ {[%clk 1:32:32]} Nc6 {[%clk 1:32:02]} 6. d4 {[%clk
1:32:45]} Bd7 {[%clk 1:32:09]} 7. O-O {[%clk 1:32:40]} Bd6 {[%clk 1:32:33]} 8.
dxc5 {[%clk 1:30:49]} Bxc5 {[%clk 1:31:53]} 9. Qxd5 {[%clk 1:29:56]} Be7 {[%clk
1:12:58]} 10. Ne5 {[%clk 1:21:29]} Nxe5 {[%clk 1:10:23]} 11. Qxe5 {[%clk
1:21:45]} Nf6 {[%clk 1:07:14]} 12. Rd1 {[%clk 1:20:15]} O-O {[%clk 1:06:55]} 13.
Bxd7 {[%clk 1:10:47]} Nxd7 {[%clk 1:06:51]} 14. Qf5 {[%clk 1:10:33]} g6 {[%clk
0:58:24]} 15. Qxd7 {[%clk 1:09:39]} Qxd7 {[%clk 0:58:40]} 16. Rxd7 {[%clk
1:10:01]} Rad8 {[%clk 0:59:07]} 17. Rxd8 {[%clk 1:10:17]} Rxd8 {[%clk 0:59:32]}
18. Bd2 {[%clk 1:07:33]} Bg5 {[%clk 0:57:53]} 19. f4 {[%clk 1:06:54]} Be7 {[%clk
0:56:31]} 20. Be3 {[%clk 1:06:26]} Rd1+ {[%clk 0:56:05]} 21. Kf2 {[%clk 1:06:42]}
a6 {[%clk 0:56:03]} 22. h3 {[%clk 1:05:02]} a5 {[%clk 0:52:27]} 23. Ke2 {[%clk
1:04:46]} Rh1 {[%clk 0:52:49]} 24. Bd4 {[%clk 1:03:22]} a4 {[%clk 0:52:39]} 25.
b3 {[%clk 1:03:07]} Ba3 {[%clk 0:43:23]} 26. c4 {[%clk 1:02:46]} Bc1 {[%clk
0:43:35]} 27. Nc3 {[%clk 1:00:59]} axb3 {[%clk 0:23:01]} 28. axb3 {[%clk
1:01:13]} Rh2 {[%clk 0:08:11]} 29. Ra8# {[%clk 1:01:27]} 1-0

[Event "Greek Team Championship"]
[Site "chess24.com"]
[Date "2017.07.07"]
[Round "6"]
[White "Argiroudis, Stamatis"]
[Black "Svetushkin, Dmitry"]
[Result "0-1"]
[Board "1"]
[WhiteElo "2276"]
[WhiteCountry "GRE"]
[WhiteFideId "4202210"]
[WhiteEloChange "-3"]
[BlackElo "2573"]
[BlackTitle "GM"]
[BlackCountry "MDA"]
[BlackFideId "13900463"]
[BlackEloChange "2"]

1. Nf3 {[%clk 1:30:56]} Nf6 {[%clk 1:30:34]} 2. c4 {[%clk 1:31:02]} e6 {[%clk
1:30:57]} 3. g3 {[%clk 1:30:48]} b6 {[%clk 1:29:49]} 4. Bg2 {[%clk 1:31:07]} Bb7
{[%clk 1:30:14]} 5. O-O {[%clk 1:31:02]} Be7 {[%clk 1:30:38]} 6. b3 {[%clk
1:30:33]} O-O {[%clk 1:30:29]} 7. Bb2 {[%clk 1:30:36]} d5 {[%clk 1:30:42]} 8. e3
{[%clk 1:30:13]} Nbd7 {[%clk 1:31:01]} 9. Qe2 {[%clk 1:29:30]} c5 {[%clk
1:30:45]} 10. Rd1 {[%clk 1:26:58]} Qc7 {[%clk 1:27:32]} 11. Nc3 {[%clk 1:24:13]}
dxc4 {[%clk 1:21:08]} 12. bxc4 {[%clk 1:23:43]} Rad8 {[%clk 1:21:03]} 13. d3
{[%clk 1:19:17]} a6 {[%clk 1:20:45]} 14. Rab1 {[%clk 1:18:10]} Ne8 {[%clk
1:18:41]} 15. Ne1 {[%clk 1:13:04]} Bxg2 {[%clk 1:18:58]} 16. Kxg2 {[%clk
1:13:25]} Nd6 {[%clk 1:15:55]} 17. Kg1 {[%clk 1:06:44]} b5 {[%clk 1:14:21]} 18.
cxb5 {[%clk 1:05:05]} axb5 {[%clk 1:13:32]} 19. a3 {[%clk 0:54:01]} Rb8 {[%clk
1:08:05]} 20. Nf3 {[%clk 0:47:08]} Qa5 {[%clk 1:01:57]} 21. Nd2 {[%clk 0:41:36]}
Nf6 {[%clk 0:53:23]} 22. Qf3 {[%clk 0:35:20]} Rfd8 {[%clk 0:45:42]} 23. Nde4
{[%clk 0:23:44]} Nfxe4 {[%clk 0:45:23]} 24. Nxe4 {[%clk 0:24:01]} Nxe4 {[%clk
0:45:25]} 25. Qxe4 {[%clk 0:24:18]} Rd5 {[%clk 0:44:49]} 26. Qg4 {[%clk 0:23:15]}
Bf8 {[%clk 0:43:25]} 27. e4 {[%clk 0:22:26]} Rd7 {[%clk 0:42:54]} 28. Be5 {[%clk
0:17:22]} Rbd8 {[%clk 0:35:06]} 29. Bf6 {[%clk 0:16:04]} Rc8 {[%clk 0:35:06]} 30.
Bb2 {[%clk 0:13:18]} Qa4 {[%clk 0:32:58]} 31. Qe2 {[%clk 0:07:12]} Rcd8 {[%clk
0:31:32]} 32. Qe3 {[%clk 0:05:52]} Qc2 {[%clk 0:28:47]} 33. d4 {[%clk 0:04:55]}
cxd4 {[%clk 0:28:36]} 34. Qg5 {[%clk 0:04:55]} Qxe4 {[%clk 0:28:10]} 35. Ba1
{[%clk 0:04:48]} Rd5 {[%clk 0:27:45]} 36. Qc1 {[%clk 0:04:59]} h5 {[%clk
0:27:04]} 37. Rb3 {[%clk 0:04:51]} d3 {[%clk 0:26:58]} 38. h4 {[%clk 0:04:05]}
Qe2 {[%clk 0:26:19]} 39. Rd2 {[%clk 0:03:45]} Qf3 {[%clk 0:25:27]} 40. Rc3 {[%clk
0:32:06]} e5 {[%clk 0:52:48]} 41. Rc7 {[%clk 0:22:21]} e4 {[%clk 0:51:53]} 0-1

[Event "Greek Team Championship"]
[Site "chess24.com"]
[Date "2017.07.07"]
[Round "6"]
[White "Litsas, Ioannis"]
[Black "Hadzimanolis, Antonios"]
[Result "0-1"]
[Board "2"]
[WhiteElo "2105"]
[WhiteCountry "GRE"]
[WhiteFideId "4206886"]
[WhiteEloChange "-6"]
[BlackElo "2237"]
[BlackTitle "FM"]
[BlackCountry "GRE"]
[BlackFideId "4202813"]
[BlackEloChange "6"]

1. e4 {[%clk 1:30:53]} e5 {[%clk 1:30:24]} 2. Nf3 {[%clk 1:31:16]} Nc6 {[%clk
1:30:14]} 3. Bb5 {[%clk 1:31:09]} a6 {[%clk 1:30:30]} 4. Ba4 {[%clk 1:30:31]} Nf6
{[%clk 1:30:51]} 5. O-O {[%clk 1:30:52]} Be7 {[%clk 1:30:43]} 6. d3 {[%clk
1:29:33]} b5 {[%clk 1:29:28]} 7. Bb3 {[%clk 1:29:58]} O-O {[%clk 1:26:12]} 8. Nc3
{[%clk 1:29:28]} d6 {[%clk 1:26:25]} 9. a3 {[%clk 1:29:52]} Bg4 {[%clk 1:18:10]}
10. h3 {[%clk 1:27:48]} Bxf3 {[%clk 1:18:01]} 11. Qxf3 {[%clk 1:28:08]} Nd4
{[%clk 1:18:23]} 12. Qd1 {[%clk 1:28:21]} Nxb3 {[%clk 1:03:33]} 13. cxb3 {[%clk
1:28:46]} c6 {[%clk 1:03:56]} 14. d4 {[%clk 1:27:06]} a5 {[%clk 0:59:05]} 15.
dxe5 {[%clk 1:23:04]} dxe5 {[%clk 0:59:25]} 16. Qe2 {[%clk 1:23:28]} Qd7 {[%clk
0:50:45]} 17. Bg5 {[%clk 1:21:16]} Qe6 {[%clk 0:50:21]} 18. Bxf6 {[%clk 1:19:29]}
Bxf6 {[%clk 0:45:49]} 19. Qc2 {[%clk 1:19:51]} Rfd8 {[%clk 0:42:42]} 20. Rfd1
{[%clk 1:19:28]} Rd6 {[%clk 0:40:04]} 21. Rxd6 {[%clk 1:04:40]} Qxd6 {[%clk
0:40:33]} 22. Rd1 {[%clk 1:04:58]} Qc5 {[%clk 0:40:40]} 23. Qd3 {[%clk 1:04:34]}
g6 {[%clk 0:38:25]} 24. Qd6 {[%clk 1:03:54]} Be7 {[%clk 0:38:32]} 25. Qxc5 {[%clk
1:03:25]} Bxc5 {[%clk 0:39:00]} 26. Ne2 {[%clk 1:03:50]} Bb6 {[%clk 0:28:29]} 27.
Kf1 {[%clk 1:01:59]} Kf8 {[%clk 0:27:14]} 28. Rd6 {[%clk 0:59:08]} Rc8 {[%clk
0:25:31]} 29. Nc1 {[%clk 0:56:29]} Bd4 {[%clk 0:25:27]} 30. Rd7 {[%clk 0:55:37]}
Bxb2 {[%clk 0:19:17]} 31. Nd3 {[%clk 0:56:03]} Bd4 {[%clk 0:19:12]} 32. Ke2
{[%clk 0:55:59]} c5 {[%clk 0:09:29]} 33. f4 {[%clk 0:56:26]} exf4 {[%clk
0:09:21]} 34. Nxf4 {[%clk 0:56:52]} Bb2 {[%clk 0:07:59]} 35. Ra7 {[%clk 0:57:12]}
c4 {[%clk 0:01:18]} 36. bxc4 {[%clk 0:57:32]} bxc4 {[%clk 0:01:16]} 37. Kd1
{[%clk 0:57:56]} c3 {[%clk 0:01:22]} 38. Kc2 {[%clk 0:58:20]} Rc4 {[%clk
0:01:17]} 39. Rxa5 {[%clk 0:47:06]} Rxe4 {[%clk 0:01:38]} 40. g3 {[%clk 1:17:19]}
Re3 {[%clk 0:31:34]} 41. Ra8+ {[%clk 1:13:34]} Kg7 {[%clk 0:29:37]} 42. a4 {[%clk
1:13:44]} Rxg3 {[%clk 0:29:28]} 43. a5 {[%clk 1:13:59]} Rf3 {[%clk 0:18:03]} 44.
Nd3 {[%clk 1:11:38]} Rxh3 {[%clk 0:18:28]} 45. a6 {[%clk 1:09:07]} Rh2+ {[%clk
0:18:16]} 46. Kb3 {[%clk 1:09:25]} Rh5 {[%clk 0:17:48]} 47. Kb4 {[%clk 1:09:00]}
c2 {[%clk 0:06:37]} 48. a7 {[%clk 1:08:57]} Rh3 {[%clk 0:03:25]} 49. Rg8+ {[%clk
1:07:52]} Kxg8 {[%clk 0:02:18]} 50. a8Q+ {[%clk 1:08:17]} Kg7 {[%clk 0:02:41]}
51. Qa2 {[%clk 1:07:07]} Bc3+ {[%clk 0:02:23]} 52. Kxc3 {[%clk 1:05:02]} c1Q+
{[%clk 0:02:23]} 0-1

[Event "Greek Team Championship"]
[Site "chess24.com"]
[Date "2017.07.07"]
[Round "6"]
[White "Vragoteris, Antonios"]
[Black "Alexakis, Dimitris"]
[Result "1/2-1/2"]
[Board "3"]
[WhiteElo "2212"]
[WhiteTitle "FM"]
[WhiteCountry "GRE"]
[WhiteFideId "4200110"]
[WhiteEloChange "-4"]
[BlackElo "2044"]
[BlackCountry "GRE"]
[BlackFideId "4277023"]
[BlackEloChange "4"]

1. e4 {[%clk 1:29:07]} c5 {[%clk 1:30:54]} 2. Nf3 {[%clk 1:29:14]} Nc6 {[%clk
1:31:17]} 3. Bb5 {[%clk 1:29:32]} g6 {[%clk 1:31:38]} 4. O-O {[%clk 1:29:46]} Bg7
{[%clk 1:32:00]} 5. Re1 {[%clk 1:29:48]} Rb8 {[%clk 1:28:58]} 6. h3 {[%clk
1:22:04]} a6 {[%clk 0:40:50]} 7. Bxc6 {[%clk 1:07:01]} bxc6 {[%clk 0:41:04]} 8.
e5 {[%clk 1:05:36]} f6 {[%clk 0:26:29]} 9. Nc3 {[%clk 0:54:22]} fxe5 {[%clk
0:22:14]} 10. Nxe5 {[%clk 0:54:37]} Nf6 {[%clk 0:15:11]} 11. d4 {[%clk 0:53:02]}
cxd4 {[%clk 0:12:44]} 12. Qxd4 {[%clk 0:53:18]} O-O {[%clk 0:12:05]} 13. Bg5
{[%clk 0:48:03]} Rxb2 {[%clk 0:03:25]} 14. Rad1 {[%clk 0:39:20]} Qc7 {[%clk
0:00:35]} 15. Re2 {[%clk 0:25:42]} Rb7 {[%clk 0:00:36]} 16. Rde1 {[%clk 0:16:32]}
e6 {[%clk 0:00:40]} 17. Qh4 {[%clk 0:15:41]} Nd5 {[%clk 0:00:34]} 18. Nxd5 {[%clk
0:14:11]} cxd5 {[%clk 0:01:00]} 19. Ng4 {[%clk 0:14:17]} d6 {[%clk 0:00:35]} 20.
Nf6+ {[%clk 0:12:49]} Bxf6 {[%clk 0:01:02]} 21. Bxf6 {[%clk 0:13:10]} Qf7 {[%clk
0:00:35]} 22. Bg5 {[%clk 0:12:59]} Rc7 {[%clk 0:00:38]} 23. Bh6 {[%clk 0:11:52]}
Re8 {[%clk 0:00:42]} 24. Re3 {[%clk 0:12:13]} Rc4 {[%clk 0:00:40]} 25. Qg3 {[%clk
0:12:15]} e5 {[%clk 0:00:38]} 26. c3 {[%clk 0:07:36]} Bf5 {[%clk 0:00:39]} 27. f4
{[%clk 0:07:05]} e4 {[%clk 0:00:39]} 28. Qh4 {[%clk 0:07:25]} d4 {[%clk 0:00:41]}
29. cxd4 {[%clk 0:06:48]} d5 {[%clk 0:00:38]} 30. g4 {[%clk 0:06:55]} Bd7 {[%clk
0:00:49]} 31. Rd1 {[%clk 0:03:45]} Rc2 {[%clk 0:00:40]} 32. a3 {[%clk 0:04:05]}
Rb8 {[%clk 0:00:39]} 33. f5 {[%clk 0:04:13]} Rbb2 {[%clk 0:00:38]} 34. Bf4 {[%clk
0:03:48]} Rf2 {[%clk 0:00:36]} 35. Be5 {[%clk 0:02:51]} gxf5 {[%clk 0:00:34]} 36.
Qg5+ {[%clk 0:02:53]} Qg6 {[%clk 0:00:35]} 37. Qd8+ {[%clk 0:03:14]} Be8 {[%clk
0:00:41]} 38. Qxd5+ {[%clk 0:01:42]} Bf7 {[%clk 0:00:58]} 39. Qd8+ {[%clk
0:01:05]} Be8 {[%clk 0:01:25]} 40. Qd5+ {[%clk 0:30:43]} Bf7 {[%clk 0:30:39]} 41.
Qa8+ {[%clk 0:21:10]} Be8 {[%clk 0:30:56]} 42. Qd5+ {[%clk 0:05:11]} 1/2-1/2